=LDR 00000nam 2200000 4500 =001 000372 =005 20250710030423 =035 ##$$a 0010-0725000231 =007 ta =008 250710################a##########0#ind## =020 ##$$a 978-623-118-876-2 =082 ##$$a 398.209 597 =084 ##$$a 398.209 597 YER t =100 #$$a Yersita =245 1#$$a Tari si Bunga Matahari /$c Yersita =250 ##$$a cetakan pertama =260 ##$$a Jakarta :$b Badan pengembangan dan pembinaan bahasa,$c 2023 =300 ##$$a 28 hlm. : $b ilus. ; $c 29,7 cm$e 398.209 597 =650 #4$$a Cerita Anak-Indonesia =856 ##$$a TBM As Suhada =990 ##$$a TBM00940094